000 00300nam a22001457a 4500
020 _a81-713-0522-9
082 _a894.812.3
_bMAD/O
100 _aMADHAVIKUTTY
245 _aOTTAYADIPPATHA
260 _aTHRISSUR
_bDC BOOKS
_c2011
300 _a189
520 _aNOVEL
650 _aNOVEL
942 _cBK
999 _c4933
_d4933